000 00587nam a2200241 a 4500
001 nice12345678
003 IN_TiNIC
005 20260116012836.0
008 050524s1990 dela grp 000 0 eng
020 _a8171696
_c200
082 0 0 _a954.022
_bPAN
100 _aPande, Rekha
245 _aSuccession in the Delhi Sultanate
260 _aDelhi
_bCommenwealth Pub
_c1990
300 _a203p
500 _aincludes index and biblioraphy
505 2 _aIndex
650 _aDelhi Sultanate
700 1 _aPande, Rekha
902 _bSRS
942 _cBK
999 _c8604
_d8604